000 00507nam a2200193Ia 4500
005 20250423100114.0
008 250422s9999 xx 000 0 und d
020 _a978-0-273-71722-5
050 _aHF 5415.123 .F55/
100 _aFill, Chris
245 0 _aMarketing communications : interactivity, communities and content
250 _a5th ed.
260 _aHarlow
260 _bpearson education limited
260 _c2009
300 _a958 p
650 _aMarketing Communications
942 _cBK
999 _c32299
_d32299